Amar la verdad: conversaciones del Cardenal Jorge Medina con jóvenes chilenos
Gorde:
| Egile nagusia: | |
|---|---|
| Formatua: | Liburua |
| Hizkuntza: | gaztelania |
| Argitaratua: |
Santiago
Escuela Nacional de Líderes Católicos
2013
|
| Edizioa: | 1a. ed |
| Gaiak: | |
| Etiketak: |
Etiketa erantsi
Etiketarik gabe, Izan zaitez lehena erregistro honi etiketa jartzen!
|
MARC
| LEADER | 00000cam a2200000 a 4500 | ||
|---|---|---|---|
| 001 | UCC6352 | ||
| 003 | CL-VaPUC | ||
| 008 | 181207e20130000cl |||||||||||||||||spa|d | ||
| 020 | |a 9789563519778 | ||
| 082 | 0 | 4 | |a 922.283 |b MED |2 21 |
| 100 | |a Medina Estévez, Jorge |e autor |9 342953 | ||
| 245 | 1 | 0 | |a Amar la verdad: conversaciones del Cardenal Jorge Medina con jóvenes chilenos |
| 250 | |a 1a. ed | ||
| 300 | |a 171 p | ||
| 942 | |c BK | ||
| 945 | |d 20181207 13:37:00 |a dcastane | ||
| 260 | |a Santiago |b Escuela Nacional de Líderes Católicos |c 2013 | ||
| 650 | 0 | |a Biografías |9 255210 | |
| 650 | 7 | |a CARDENALES CHILENOS |2 CL-VaPUC |9 516594 | |
| 650 | 0 | |a Entrevistas |9 265537 | |
| 583 | |a last modification |c 20181207 13:37:00 |k Rodrigo Vera | ||
| 999 | |c 373301 |d 373299 | ||
| 952 | |0 0 |1 0 |3 erb |4 0 |6 922_283000000000000_MED_2013 |7 0 |8 A |9 491371 |a BIBTEO |b BIBTEO |e Precht Pizarro, Jorge Enrique |i 551990K |o 922.283 MED 2013 |p 551990K |r 2025-01-17 |w 2019-11-24 |y BK |z Catalogado en:20181207 |k ICR | ||